[Event "2. Samba Cup B gruppen"]
[Site "Skanderborg"]
[Date "2005.10.18"]
[Round "5"]
[White "Michalczak, Thomas"]
[Black "Berg, Klaus"]
[Result "0-1"]
[WhiteElo "2374"]
[BlackElo "2420"]
[PlyCount "124"]
[EventDate "2005.10.14"]
[EventType "tourn"]
[EventRounds "9"]
[EventCountry "DEN"]
[EventCategory "3"]
[Source "ChessBase"]
[SourceDate "2005.11.24"]

1. e4 g6 2. d4 Bg7 3. Nc3 d6 4. f4 c6 5. Nf3 d5 6. e5 h5 7. Be3 Nh6 8. Bd3 Bf5
9. Be2 Bg4 10. Bd3 Bf5 11. Be2 Bg4 12. h3 Bxf3 13. Bxf3 h4 14. O-O e6 15. Ne2
Nd7 16. b3 Bf8 17. c4 Be7 18. Kh2 Kf8 19. Ng1 Kg7 20. Be2 a5 21. Nf3 a4 22. Qc2
Nf5 23. Bf2 Qa5 24. Rab1 axb3 25. axb3 Rac8 26. Ra1 Qc7 27. Bd3 dxc4 28. bxc4
b5 29. c5 Ra8 30. Rxa8 Rxa8 31. Bxf5 exf5 32. Bxh4 Bxh4 33. Nxh4 Nf8 34. g4 Qd8
35. Nf3 Qd5 36. Rf2 Ra3 37. Qe2 Ne6 38. gxf5 gxf5 39. Nh4 Nxf4 40. Nxf5+ Kf8
41. Rxf4 Ra2 42. Qxa2 Qxa2+ 43. Kg3 b4 44. d5 Qxd5 45. Rxb4 Qxe5+ 46. Kg4 f6
47. Rf4 Qxc5 48. Ng3 Qg5+ 49. Kf3 Qd5+ 50. Kg4 Qd1+ 51. Kf5 Kf7 52. Ke4 c5 53.
Ke3 Qc1+ 54. Kf3 c4 55. Ne2 Qf1+ 56. Ke3 Qxh3+ 57. Rf3 Qe6+ 58. Kf2 Qd5 59. Nc3
Qd2+ 60. Kg3 Qe1+ 61. Kg2 Ke6 62. Nb5 Qd2+ 0-1

[Event "2. Samba Cup B gruppen"]
[Site "Skanderborg"]
[Date "2005.10.15"]
[Round "2"]
[White "Mikkelsen, Nikolaj"]
[Black "Matthiesen, Martin"]
[Result "0-1"]
[WhiteElo "2246"]
[BlackElo "2311"]
[PlyCount "116"]
[EventDate "2005.10.14"]
[EventType "tourn"]
[EventRounds "9"]
[EventCountry "DEN"]
[EventCategory "3"]
[Source "ChessBase"]
[SourceDate "2005.11.24"]

1. e4 g6 2. d4 Bg7 3. Nc3 d6 4. f4 Nf6 5. Nf3 O-O 6. Be2 c5 7. dxc5 Qa5 8. O-O
Qxc5+ 9. Kh1 Nc6 10. Nd2 Qa5 11. Nc4 Qd8 12. Be3 Nxe4 13. Nxe4 d5 14. Ned2 dxc4
15. Nxc4 b5 16. Nd2 b4 17. Bf3 Qc7 18. c3 bxc3 19. bxc3 Be6 20. Rc1 Rfd8 21.
Qa4 Bd5 22. Be2 Rab8 23. c4 Be6 24. Rb1 Nd4 25. Rxb8 Qxb8 26. Bd1 Qb7 27. Nb3
Qe4 28. Bxd4 Bxd4 29. Nxd4 Qxd4 30. Be2 Qe4 31. Rd1 Rxd1+ 32. Qxd1 Bxc4 33.
Bxc4 Qxc4 34. h3 Qxa2 35. Qd8+ Kg7 36. Qxe7 Qa1+ 37. Kh2 a5 38. Qe3 Qf6 39. Qe4
h5 40. Kg3 Qc3+ 41. Kh2 h4 42. Kh1 Qa1+ 43. Kh2 Qc3 44. Kh1 Qa1+ 45. Kh2 a4 46.
f5 g5 47. Qa8 Qe5+ 48. Kh1 Qxf5 49. Qxa4 Qf1+ 50. Kh2 Qf4+ 51. Qxf4 gxf4 52.
Kg1 Kf6 53. Kf2 Ke5 54. Kf3 Kf5 55. Kf2 Ke4 56. Ke2 f3+ 57. gxf3+ Kf4 58. Kf2
f6 0-1

[Event "2. Samba Cup B gruppen"]
[Site "Skanderborg"]
[Date "2005.10.22"]
[Round "8"]
[White "Mikkelsen, Nikolaj"]
[Black "Ibarra Padron, Joel"]
[Result "0-1"]
[WhiteElo "2246"]
[BlackElo "2280"]
[PlyCount "71"]
[EventDate "2005.10.14"]
[EventType "tourn"]
[EventRounds "9"]
[EventCountry "DEN"]
[EventCategory "3"]
[Source "ChessBase"]
[SourceDate "2005.11.24"]

1. e4 c5 2. Nf3 d6 3. d4 cxd4 4. Nxd4 Nf6 5. Nc3 e5 6. Nb3 Be7 7. Be2 O-O 8.
O-O a5 9. a4 Nc6 10. f4 Nb4 11. Bf3 Be6 12. f5 Bc4 13. Re1 Nxc2 14. Qxc2 Qb6+
15. Nd4 exd4 16. Qf2 Nd7 17. Ne2 Bf6 18. Rd1 Bxe2 19. Bxe2 Nc5 20. Bd3 Rfe8 21.
Qf3 Nxd3 22. Qxd3 Qc6 23. Bf4 Rxe4 24. Rac1 Qd5 25. Bxd6 Rae8 26. Bg3 Re2 27.
Bf2 Rxb2 28. Re1 Rd8 29. Rc4 h6 30. Rd1 Bh4 31. g3 Bf6 32. Re1 b5 33. axb5 Qxb5
34. Rec1 Rb3 35. Qe4 Rc3 36. Rc6 0-1

[Event "2. Samba Cup B gruppen"]
[Site "Skanderborg"]
[Date "2005.10.14"]
[Round "1"]
[White "Mikkelsen, Nikolaj"]
[Black "Berg, Klaus"]
[Result "0-1"]
[WhiteElo "2246"]
[BlackElo "2420"]
[PlyCount "76"]
[EventDate "2005.10.14"]
[EventType "tourn"]
[EventRounds "9"]
[EventCountry "DEN"]
[EventCategory "3"]
[Source "ChessBase"]
[SourceDate "2005.11.24"]

1. e4 g6 2. d4 Bg7 3. Nc3 d6 4. Be3 a6 5. a4 Nf6 6. h3 O-O 7. Nge2 Nbd7 8. g4
b6 9. Bg2 Bb7 10. O-O Rb8 11. Qd2 c5 12. d5 Ne8 13. Bg5 Nc7 14. f4 b5 15. e5 f6
16. exd6 exd6 17. Bh4 Nb6 18. a5 Nc4 19. Qc1 Qe8 20. Bf2 b4 21. Re1 bxc3 22. b3
Nxa5 23. Rxa5 Qf7 24. f5 gxf5 25. gxf5 Kh8 26. Ra4 Bxd5 27. Nxc3 Bxg2 28. Kxg2
Rb4 29. Ne4 Rxa4 30. bxa4 Rg8 31. Bg3 Bf8 32. Qa1 Ne8 33. Kh2 d5 34. Nf2 d4 35.
c3 Nd6 36. Qb1 Qd5 37. Qb6 h5 38. Re6 h4 0-1

[Event "2. Samba Cup B gruppen"]
[Site "Skanderborg"]
[Date "2005.10.20"]
[Round "6"]
[White "Mikkelsen, Nikolaj"]
[Black "Glud, Jakob Vang"]
[Result "1/2-1/2"]
[WhiteElo "2246"]
[BlackElo "2313"]
[PlyCount "89"]
[EventDate "2005.10.14"]
[EventType "tourn"]
[EventRounds "9"]
[EventCountry "DEN"]
[EventCategory "3"]
[Source "ChessBase"]
[SourceDate "2005.11.24"]

1. e4 e6 2. d4 d5 3. e5 c5 4. c3 Qb6 5. Nf3 Bd7 6. a3 a5 7. Be2 Nc6 8. O-O a4
9. h4 h6 10. g3 g5 11. hxg5 hxg5 12. Nxg5 Nh6 13. b4 axb3 14. Bb2 Be7 15. Nf3
c4 16. Kg2 O-O-O 17. Rh1 f6 18. exf6 Bxf6 19. Nbd2 Rdf8 20. a4 Ng4 21. Rxh8
Bxh8 22. Ba3 Rg8 23. Bxc4 dxc4 24. Nxc4 Qa6 25. Nd6+ Kb8 26. Nb5 Na5 27. Bd6+
Kc8 28. Qe2 Kd8 29. Bc7+ Ke7 30. Nh4 Bf6 31. Nf5+ Kf8 32. Bd6+ Kf7 33. Nh6+
Nxh6 34. Qh5+ Rg6 35. Bf4 Qc6+ 36. f3 Qd5 37. Nd6+ Kg7 38. Bxh6+ Rxh6 39. Qf7+
Kh8 40. Rh1 Qg5 41. Ne4 Qg7 42. Rxh6+ Qxh6 43. Nxf6 Qd2+ 44. Kg1 Qc1+ 45. Kg2
1/2-1/2

[Event "2. Samba Cup B gruppen"]
[Site "Skanderborg"]
[Date "2005.10.17"]
[Round "4"]
[White "Mikkelsen, Nikolaj"]
[Black "Pytel, Krzysztof"]
[Result "1-0"]
[WhiteElo "2246"]
[BlackElo "2377"]
[PlyCount "131"]
[EventDate "2005.10.14"]
[EventType "tourn"]
[EventRounds "9"]
[EventCountry "DEN"]
[EventCategory "3"]
[Source "ChessBase"]
[SourceDate "2005.11.24"]

1. e4 c5 2. Nf3 g6 3. d4 Bg7 4. dxc5 Qa5+ 5. c3 Qxc5 6. Na3 d6 7. Nb5 a6 8. Be3
Qc6 9. Qd5 Qxd5 10. Nc7+ Kd8 11. Nxd5 Nd7 12. Ng5 Nh6 13. Bc4 b5 14. Nb6 Rb8
15. Nxd7 Kxd7 16. Bxf7 Nxf7 17. Nxf7 Rf8 18. Ng5 h6 19. Nf3 b4 20. Bd4 e5 21.
Be3 bxc3 22. bxc3 Ke7 23. O-O Be6 24. Nd2 Rfc8 25. Rfc1 Kd7 26. f3 Bf8 27. Kf2
Rb2 28. a4 Be7 29. Kg3 h5 30. h4 Bd8 31. f4 Ba5 32. Nf3 Rxc3 33. Rxc3 Bxc3 34.
Rd1 Ke7 35. fxe5 Bxe5+ 36. Nxe5 dxe5 37. Bg5+ Ke8 38. Rd6 Bc4 39. Rxg6 Bf1 40.
Re6+ Kd7 41. Rxe5 Rxg2+ 42. Kf4 Rf2+ 43. Ke3 Ra2 44. a5 Bc4 45. Bf6 Be2 46. Kf4
Bg4 47. Kg5 Ra4 48. Kg6 Bf3 49. Re7+ Kc6 50. e5 Rxa5 51. Re8 Ra2 52. e6 Rg2+
53. Bg5 Be4+ 54. Kg7 Bf5 55. e7 Re2 56. Rd8 Bd7 57. Kf7 Kd6 58. Bf4+ Kc6 59.
e8=Q Rxe8 60. Rxe8 Bxe8+ 61. Kxe8 Kd5 62. Kf7 Ke4 63. Bg5 Kf5 64. Bd8 Kg4 65.
Ke6 a5 66. Kd5 1-0

[Event "2. Samba Cup B gruppen"]
[Site "Skanderborg"]
[Date "2005.10.18"]
[Round "5"]
[White "Pytel, Krzysztof"]
[Black "Matthiesen, Martin"]
[Result "1/2-1/2"]
[WhiteElo "2377"]
[BlackElo "2311"]
[PlyCount "92"]
[EventDate "2005.10.14"]
[EventType "tourn"]
[EventRounds "9"]
[EventCountry "DEN"]
[EventCategory "3"]
[Source "ChessBase"]
[SourceDate "2005.11.24"]

1. d4 Nf6 2. Nf3 g6 3. c4 Bg7 4. Nc3 d6 5. Bf4 O-O 6. e3 Nbd7 7. h3 Qe8 8. Be2
e5 9. Bh2 exd4 10. exd4 Ne4 11. Nxe4 Qxe4 12. O-O Qe7 13. Re1 Qd8 14. Bd3 Re8
15. Qc2 Nf8 16. Bf4 Ne6 17. Be3 c5 18. d5 Nc7 19. Bg5 Bf6 20. Bh6 Bg7 21. Qd2
Bd7 22. Bxg7 Kxg7 23. Ng5 f6 24. Qc3 b6 25. g4 Rxe1+ 26. Rxe1 Kg8 27. Ne4 Ne8
28. Ng3 Ng7 29. Ne4 Ne8 30. f4 f5 31. gxf5 Bxf5 32. Ng5 Bxd3 33. Qxd3 Ng7 34.
Re4 Qd7 35. Qe2 Re8 36. b3 Rxe4 37. Qxe4 Qf5 38. Kf2 h6 39. Qxf5 Nxf5 40. Ne4
Kf7 41. Nc3 Nd4 42. Ke3 Kf6 43. Ne4+ Ke7 44. Kd3 Nf3 45. Ke3 Nd4 46. Kd3 Nf3
1/2-1/2

[Event "2. Samba Cup B gruppen"]
[Site "Skanderborg"]
[Date "2005.10.22"]
[Round "8"]
[White "Pytel, Krzysztof"]
[Black "Hermansson, Emil"]
[Result "0-1"]
[WhiteElo "2377"]
[BlackElo "2430"]
[PlyCount "140"]
[EventDate "2005.10.14"]
[EventType "tourn"]
[EventRounds "9"]
[EventCountry "DEN"]
[EventCategory "3"]
[Source "ChessBase"]
[SourceDate "2005.11.24"]

1. d4 Nf6 2. Nf3 g6 3. Bf4 Bg7 4. e3 d6 5. h3 O-O 6. Be2 c5 7. c3 Qb6 8. Qb3
Be6 9. Qxb6 axb6 10. a3 Nc6 11. Nbd2 Rfc8 12. O-O Na5 13. Rac1 Nb3 14. Nxb3
Bxb3 15. Nd2 Bd5 16. Bd3 Bc6 17. Rfd1 Nd7 18. Bg5 Kf8 19. Be4 d5 20. Bf3 e5 21.
dxe5 Nxe5 22. Be2 b5 23. f4 Nd7 24. Bf3 Nb6 25. Nf1 f5 26. Kf2 Kf7 27. g4 Ke6
28. Ng3 Nc4 29. Rc2 Rc7 30. Rg1 Bh8 31. Re2 Nd6 32. Rd2 Nc4 33. Re2 Nd6 34. Rd2
Rd7 35. Rgd1 Nc4 36. Re2 Nd6 37. Red2 Nc4 38. Re2 Rf8 39. h4 Bg7 40. h5 Nd6 41.
Red2 Nc4 42. Re2 h6 43. gxf5+ gxf5 44. Bh4 Bh8 45. Rd3 Rg8 46. Rd1 Rf7 47. Rg1
Rff8 48. Bg2 Rg4 49. Rh1 Nd6 50. Bf3 Rgg8 51. Rd2 Nc4 52. Re2 Ra8 53. Bg2 Nxb2
54. Rxb2 Rxa3 55. Rc2 Bxc3 56. Rhc1 b4 57. Bh3 Rxg3 58. Bxg3 d4 59. Re2 d3 60.
e4 Bd4+ 61. Ke1 dxe2 62. Bxf5+ Kf7 63. Bf2 Rf3 64. Bg6+ Kg8 65. Bxd4 Rf1+ 66.
Kxe2 Rxc1 67. Be3 Rc2+ 68. Kd3 b3 69. e5 Bb5+ 70. Ke4 b2 0-1

[Event "2. Samba Cup B gruppen"]
[Site "Skanderborg"]
[Date "2005.10.16"]
[Round "3"]
[White "Pytel, Krzysztof"]
[Black "Rendboe, John Filip"]
[Result "1-0"]
[WhiteElo "2377"]
[BlackElo "2259"]
[PlyCount "134"]
[EventDate "2005.10.14"]
[EventType "tourn"]
[EventRounds "9"]
[EventCountry "DEN"]
[EventCategory "3"]
[Source "ChessBase"]
[SourceDate "2005.11.24"]

1. Nf3 c5 2. c4 Nc6 3. d4 cxd4 4. Nxd4 Nf6 5. Nc3 g6 6. Nc2 Bg7 7. e4 d6 8. Be2
O-O 9. O-O Bd7 10. f3 Rc8 11. Be3 a6 12. Qd2 Qc7 13. Rac1 Ne5 14. Na3 Be6 15.
Nd5 Qd8 16. Nb6 Rc6 17. Nd5 Rc8 18. Rfd1 Nxd5 19. exd5 Bf5 20. h3 Rb8 21. Ba7
Ra8 22. Bd4 Bc8 23. Nc2 a5 24. b3 Nd7 25. Be3 Nc5 26. Nd4 Bd7 27. Rb1 Be5 28.
a3 a4 29. b4 Nb3 30. Qe1 Nxd4 31. Bxd4 Bxd4+ 32. Rxd4 Bf5 33. Rc1 Qb6 34. Qd2
Rfc8 35. Kh1 Qd8 36. Bf1 b6 37. Re1 Rc7 38. g4 Bd7 39. Rde4 e5 40. dxe6 Bxe6
41. Rd4 Qh4 42. Ree4 Rac8 43. Qg2 Qf6 44. g5 Qf5 45. Rxd6 b5 46. c5 Bd5 47. Rf6
Qd7 48. Re3 Bc4 49. Kh2 Qd4 50. Re4 Qc3 51. Bxc4 bxc4 52. Qe2 Rd7 53. Qxc4 Qd2+
54. Re2 Qxg5 55. Qf4 Qd5 56. Rd6 Rxd6 57. cxd6 Rd8 58. Rd2 Qe6 59. Kg2 f6 60.
Qd4 Kg7 61. d7 h5 62. b5 Qf5 63. b6 Qg5+ 64. Kh2 h4 65. Qd6 Qe3 66. b7 Kh6 67.
Rg2 Rc8 1-0

[Event "2. Samba Cup B gruppen"]
[Site "Skanderborg"]
[Date "2005.10.14"]
[Round "1"]
[White "Pytel, Krzysztof"]
[Black "Skovgaard, Peter Nicolai"]
[Result "1-0"]
[WhiteElo "2377"]
[BlackElo "2130"]
[PlyCount "85"]
[EventDate "2005.10.14"]
[EventType "tourn"]
[EventRounds "9"]
[EventCountry "DEN"]
[EventCategory "3"]
[Source "ChessBase"]
[SourceDate "2005.11.24"]

1. d4 Nf6 2. Nf3 c5 3. e3 g6 4. c4 Bg7 5. Nc3 b6 6. Be2 Bb7 7. d5 d6 8. e4 Nbd7
9. O-O O-O 10. h3 Qc7 11. Bg5 Rae8 12. Qd2 e5 13. a3 Kh8 14. Bh6 Ng8 15. Bxg7+
Kxg7 16. b4 Ne7 17. Rab1 Nc8 18. Qb2 Qd8 19. Bd1 Ba6 20. Nd2 Qf6 21. Ba4 Re7
22. Bc6 Nb8 23. b5 Bb7 24. Ne2 Rc7 25. Qc2 Kh8 26. f4 Qg7 27. Nf3 Nd7 28. Qd2
exf4 29. Nxf4 Ne5 30. Nxe5 dxe5 31. d6 Rd8 32. d7 exf4 33. Qxf4 Rcxd7 34. Bxd7
Qd4+ 35. Kh2 Rxd7 36. Rbd1 Qxd1 37. Rxd1 Rxd1 38. Qxf7 h5 39. Qxb7 Nd6 40. Qxa7
Nxc4 41. Qf7 Ne3 42. Qb3 Nf1+ 43. Kg1 1-0

[Event "2. Samba Cup B gruppen"]
[Site "Skanderborg"]
[Date "2005.10.21"]
[Round "7"]
[White "Pytel, Krzysztof"]
[Black "Berg, Klaus"]
[Result "1/2-1/2"]
[WhiteElo "2377"]
[BlackElo "2420"]
[PlyCount "107"]
[EventDate "2005.10.14"]
[EventType "tourn"]
[EventRounds "9"]
[EventCountry "DEN"]
[EventCategory "3"]
[Source "ChessBase"]
[SourceDate "2005.11.24"]

1. d4 Nf6 2. Nf3 d5 3. e3 c5 4. dxc5 e6 5. a3 Bxc5 6. b4 Be7 7. Bb2 a5 8. b5
O-O 9. c4 Nbd7 10. Nc3 Nb6 11. cxd5 Nbxd5 12. Nxd5 Qxd5 13. Qxd5 Nxd5 14. Bd3
Rd8 15. Ke2 Bd7 16. Rhc1 a4 17. g3 Rdc8 18. e4 Nc7 19. Nd4 Bf6 20. b6 Ne8 21.
Rxc8 Rxc8 22. Rb1 Nd6 23. Nc2 Bb5 24. Ne3 Be7 25. f3 Bxd3+ 26. Kxd3 Nb5 27. Nc4
Rc6 28. Bc1 Nd6 29. Na5 Rc5 30. Bd2 Kf8 31. Bb4 Rb5 32. Nc4 Ke8 33. Nb2 Rxb6
34. Nxa4 Ra6 35. Nc3 b6 36. Rc1 Kd7 37. f4 Nb7 38. e5 Nc5+ 39. Kc4 Kc6 40. Nb5
Ra8 41. Rd1 Na4 42. Rd2 Nc5 43. Nd4+ Kc7 44. Kb5 Bf8 45. Nf3 h6 46. g4 Nd7 47.
f5 Bc5 48. h4 g6 49. fxe6 fxe6 50. Nd4 Re8 51. Nf3 Rf8 52. Nd4 Re8 53. Nf3 Rf8
54. Nd4 1/2-1/2

[Event "2. Samba Cup B gruppen"]
[Site "Skanderborg"]
[Date "2005.10.23"]
[Round "9"]
[White "Rendboe, John Filip"]
[Black "Mikkelsen, Nikolaj"]
[Result "0-1"]
[WhiteElo "2259"]
[BlackElo "2246"]
[PlyCount "30"]
[EventDate "2005.10.14"]
[EventType "tourn"]
[EventRounds "9"]
[EventCountry "DEN"]
[EventCategory "3"]
[Source "ChessBase"]
[SourceDate "2005.11.24"]

1. c4 b6 2. Nc3 Bb7 3. d4 e6 4. Nf3 f5 5. e3 Nf6 6. Bd3 Bb4 7. O-O O-O 8. Bd2
Qe8 9. a3 Bxc3 10. Bxc3 Qg6 11. b4 Nc6 12. Nd2 Nxb4 13. Be4 Nxe4 14. Nxe4 Bxe4
15. f3 Nc2 0-1

[Event "2. Samba Cup B gruppen"]
[Site "Skanderborg"]
[Date "2005.10.17"]
[Round "4"]
[White "Rendboe, John Filip"]
[Black "Hermansson, Emil"]
[Result "1/2-1/2"]
[WhiteElo "2259"]
[BlackElo "2430"]
[PlyCount "34"]
[EventDate "2005.10.14"]
[EventType "tourn"]
[EventRounds "9"]
[EventCountry "DEN"]
[EventCategory "3"]
[Source "ChessBase"]
[SourceDate "2005.11.24"]

1. c4 Nf6 2. Nc3 d5 3. cxd5 Nxd5 4. d4 g6 5. e4 Nxc3 6. bxc3 Bg7 7. Bc4 c5 8.
Ne2 O-O 9. O-O Nc6 10. Be3 Bd7 11. Rb1 a6 12. d5 Ne5 13. Bb3 Qa5 14. a4 b5 15.
Bxc5 bxa4 16. Bb4 Qb5 17. Ba2 Qd3 1/2-1/2

[Event "2. Samba Cup B gruppen"]
[Site "Skanderborg"]
[Date "2005.10.15"]
[Round "2"]
[White "Skovgaard, Peter Nicolai"]
[Black "Hermansson, Emil"]
[Result "1/2-1/2"]
[WhiteElo "2130"]
[BlackElo "2430"]
[PlyCount "182"]
[EventDate "2005.10.14"]
[EventType "tourn"]
[EventRounds "9"]
[EventCountry "DEN"]
[EventCategory "3"]
[Source "ChessBase"]
[SourceDate "2005.11.24"]

1. e4 c5 2. Nc3 d6 3. g3 g6 4. Bg2 Bg7 5. d3 Nc6 6. f4 e6 7. Nf3 Nge7 8. O-O
O-O 9. Be3 b6 10. d4 d5 11. exd5 exd5 12. dxc5 Ba6 13. Re1 d4 14. Nxd4 Nxd4 15.
Bxa8 Qxa8 16. Bxd4 Rd8 17. Bxg7 Rxd1 18. Raxd1 Kxg7 19. Rxe7 Qf3 20. c6 Qxc6
21. Rdd7 Bc4 22. Rc7 Qf6 23. Re5 b5 24. b3 Qd6 25. Rce7 Qd4+ 26. Re3 Be6 27.
Kf2 Bh3 28. Rc7 Qb6 29. Nd5 Qa5 30. Rec3 Be6 31. Ne3 Bc4 32. R7xc4 bxc4 33.
Rxc4 Qd2+ 34. Kf3 Qxh2 35. Ra4 Qh5+ 36. Kf2 Qc5 37. Rc4 Qd6 38. Ra4 a6 39. c4
h5 40. c5 Qxc5 41. Rxa6 Qd4 42. Ra4 Qd2+ 43. Kf3 Qe1 44. Rc4 Qh1+ 45. Kf2 h4
46. gxh4 Qxh4+ 47. Kf3 Qh1+ 48. Kf2 Qb1 49. Ra4 f5 50. Ra7+ Kh6 51. Ra4 Qh1 52.
Ng2 Kh5 53. Ra7 Kg4 54. Rg7 Qh6 55. Re7 Qf8 56. Re3 Qc5 57. Kg1 g5 58. Kh2 gxf4
59. Rh3 Kg5 60. Rf3 Qa7 61. Rxf4 Qxa2 62. b4 Qb3 63. Rh4 Qd3 64. Rf4 Qc3 65.
Rh4 Kf6 66. Rf4 Ke5 67. Rh4 Qd2 68. Rf4 Qc1 69. Rh4 Qg5 70. Rf4 Ke6 71. Rh4 Kd6
72. Rf4 Kc6 73. Rh4 Kb5 74. Rf4 Ka4 75. Rh4 Kb3 76. Rf4 Kc3 77. Rh4 Kd3 78. Rf4
Ke2 79. Kg1 Qf6 80. Rf2+ Kd3 81. Rf3+ Kd2 82. Rf2+ Kc3 83. Rf4 Qb6+ 84. Kh2
Qh6+ 85. Kg1 Qe6 86. Kh2 Kd3 87. Rf3+ Kd2 88. Rf2+ Kc3 89. Rf4 Qh6+ 90. Kg1
Qb6+ 91. Kh2 Qh6+ 1/2-1/2

[Event "2. Samba Cup B gruppen"]
[Site "Skanderborg"]
[Date "2005.10.23"]
[Round "9"]
[White "Skovgaard, Peter Nicolai"]
[Black "Michalczak, Thomas"]
[Result "0-1"]
[WhiteElo "2130"]
[BlackElo "2374"]
[PlyCount "98"]
[EventDate "2005.10.14"]
[EventType "tourn"]
[EventRounds "9"]
[EventCountry "DEN"]
[EventCategory "3"]
[Source "ChessBase"]
[SourceDate "2005.11.24"]

1. e4 e5 2. Nf3 Nc6 3. Nc3 Nf6 4. a3 d5 5. Bb5 Nxe4 6. Qe2 Qd6 7. Nxe4 dxe4 8.
Qxe4 Bd7 9. d3 O-O-O 10. Bxc6 Bxc6 11. Qe2 e4 12. Ng5 exd3 13. cxd3 Qd5 14. Be3
h6 15. Nf3 Qa5+ 16. Qd2 Qxd2+ 17. Kxd2 Bxf3 18. gxf3 Be7 19. Rac1 Bf6 20. Rc2
a6 21. b4 Rd5 22. Rc5 Rd7 23. Ke2 Rhd8 24. Rd1 Rd5 25. Rdc1 c6 26. Rxd5 Rxd5
27. Rc5 Rxc5 28. Bxc5 b5 29. Be3 Kd7 30. d4 Ke6 31. f4 Kf5 32. Kf3 h5 33. h3 g6
34. Ke2 Ke4 35. f3+ Kf5 36. Kd3 Bd8 37. Bd2 Bb6 38. Be3 Bc7 39. d5 cxd5 40. Bg1
Bb8 41. Kc3 Bxf4 42. Kd4 Bc1 43. Kxd5 Bxa3 44. Bc5 Kf4 45. Kc6 Kxf3 46. Kb6 Kg3
47. Kxa6 Kxh3 48. Kxb5 h4 49. Kc4 Bxb4 0-1

[Event "2. Samba Cup B gruppen"]
[Site "Skanderborg"]
[Date "2005.10.21"]
[Round "7"]
[White "Skovgaard, Peter Nicolai"]
[Black "Mikkelsen, Nikolaj"]
[Result "1/2-1/2"]
[WhiteElo "2130"]
[BlackElo "2246"]
[PlyCount "108"]
[EventDate "2005.10.14"]
[EventType "tourn"]
[EventRounds "9"]
[EventCountry "DEN"]
[EventCategory "3"]
[Source "ChessBase"]
[SourceDate "2005.11.24"]

1. e4 c5 2. Nc3 d6 3. g3 g6 4. Bg2 Bg7 5. d3 Nc6 6. f4 e6 7. Nf3 Nge7 8. O-O
O-O 9. Be3 b6 10. d4 Ba6 11. Re1 Qc7 12. d5 exd5 13. Nxd5 Nxd5 14. exd5 Ne7 15.
c3 Qd7 16. Bf2 Rfe8 17. Qd2 b5 18. Rac1 Bb7 19. b4 cxb4 20. cxb4 Nxd5 21. Rxe8+
Rxe8 22. Ng5 Nb6 23. Bxb7 Qxb7 24. Qxd6 Nc4 25. Qd3 Bf6 26. Qf3 Qxf3 27. Nxf3
a6 28. a4 Rd8 29. axb5 axb5 30. Bc5 Bb2 31. Re1 Bc3 32. Re7 Rd1+ 33. Kg2 Rb1
34. Re8+ Kg7 35. Bf8+ Kf6 36. Ng5 Bxb4 37. Nxh7+ Kf5 38. Bh6 Re1 39. Rb8 Na3
40. Rb7 Re7 41. Rb6 Re2+ 42. Kf3 Rf2+ 43. Kxf2 Bc5+ 44. Kf3 Bxb6 45. Ng5 Kf6
46. Bf8 Nc2 47. Ke4 Nd4 48. Kd5 Ne6 49. Ne4+ Kf5 50. Nd6+ Kg4 51. Be7 Bd8 52.
Bxd8 Nxd8 53. Nxb5 Kh3 54. Ke5 Kxh2 1/2-1/2

[Event "2. Samba Cup B gruppen"]
[Site "Skanderborg"]
[Date "2005.10.18"]
[Round "5"]
[White "Skovgaard, Peter Nicolai"]
[Black "Ibarra Padron, Joel"]
[Result "1/2-1/2"]
[WhiteElo "2130"]
[BlackElo "2280"]
[PlyCount "129"]
[EventDate "2005.10.14"]
[EventType "tourn"]
[EventRounds "9"]
[EventCountry "DEN"]
[EventCategory "3"]
[Source "ChessBase"]
[SourceDate "2005.11.24"]

1. e4 c5 2. Nf3 Nc6 3. Nc3 g6 4. d4 cxd4 5. Nxd4 Bg7 6. Be3 Nf6 7. Bc4 O-O 8.
Bb3 d6 9. f3 Nd7 10. Qd2 Na5 11. O-O-O Nb6 12. Qd3 Bd7 13. Kb1 Rc8 14. h4 Nbc4
15. Bc1 a6 16. h5 b5 17. hxg6 fxg6 18. Bh6 Rf7 19. Bxg7 Kxg7 20. e5 Nxe5 21.
Qe3 Nxb3 22. cxb3 Kg8 23. Ne4 Qf8 24. Ka1 Rg7 25. Ng5 Qf6 26. f4 Ng4 27. Qf3 e5
28. Qd5+ Kh8 29. Qb7 h5 30. Ndf3 Nf2 31. fxe5 Qf8 32. Qxa6 Nxd1 33. Rxd1 Rc6
34. Qb7 Qf4 35. a3 Rc1+ 36. Rxc1 Qxc1+ 37. Ka2 dxe5 38. Qb8+ Qc8 39. Qxe5 Qe8
40. Qf6 Qe7 41. Qf4 b4 42. a4 Bf5 43. Qd4 Kg8 44. Qf4 Qf8 45. Qc4+ Kh8 46. Ne5
Qe7 47. Nef7+ Rxf7 48. Qxf7 Qxf7 49. Nxf7+ Kg7 50. Nd6 Bd3 51. g3 Kf6 52. a5
Kg5 53. Nc4 h4 54. gxh4+ Kxh4 55. a6 g5 56. a7 Be4 57. Nd6 Bd5 58. Kb1 g4 59.
Nf5+ Kg5 60. Ne3 Be4+ 61. Kc1 g3 62. Kd2 Kf4 63. Ke2 g2 64. Nxg2+ Bxg2 65. Kd3
1/2-1/2